| 000 | 00000nas 2200000za 4500 |
| 001 | 9.506930 |
| 003 | CaOODSP |
| 005 | 20221107133719 |
| 007 | cr ||||||||||| |
| 008 | 150406d20002004oncar p o f0 a0eng|d |
| 022 | |a1700-9510 |
| 040 | |aCaOODSP|beng |
| 043 | |an-cn--- |
| 086 | 1 |aE77E-PDF |
| 110 | 1 |aCanada.|bForeign Affairs and International Trade. |bPassport Office. |
| 210 | 0 |aAnnu. rep. |b(Can., Passpt. Off., Online) |
| 222 | 0|aAnnual report |b(Canada. Passport Office. Online) |
| 240 | 10|aAnnual report (Online) |
| 245 | 10|aAnnual report |h[electronic resource] / |cPassport Office. |
| 260 | |a[Ottawa] : |bPassport Office, |c[2000-2004] |
| 310 | |aAnnual |
| 362 | 0 |a1999/2000-2003/2004. |
| 500 | |aEach issue also has a distinctive title. |
| 500 | |aIssued also in French under title: Rapport annuel. |
| 515 | |aReport year ends Mar. 31. |
| 690 | 07|aAnnual reports|2gcpds |
| 690 | 07|aPassports|2gcpds |
| 775 | 08|tRapport annuel |w(CaOODSP)9.503325 |
| 785 | 00|tAnnual report |w(CaOODSP)9.505923 |